| 000 | 00852nam a2200253Ia 4500 | ||
|---|---|---|---|
| 001 | 10530 | ||
| 003 | GE_BSU | ||
| 008 | 181216s||||||||xx |||||||||||||| ||und|| | ||
| 020 | _a9789941200991 | ||
| 040 | _cGE_BSU | ||
| 080 | _a311.2 | ||
| 100 | _aმოისწრაფიშვილი,მ. | ||
| 245 | _aსტატისტიკური აღრიცხვა | ||
| 245 | _bდამხმ.სახ–ლო | ||
| 245 | _cრედ.ი.მეგრელიშვილი | ||
| 260 | _aთბილისი | ||
| 260 | _bსაქართველოს ტექნიკური უნ–ტი | ||
| 260 | _c2012 | ||
| 300 | _a133გვ.ცხრ.29სმ. | ||
| 300 | _eბიბლიოგრ. გვ.132 | ||
| 541 | _h18ლ. | ||
| 653 | _aსტატისტიკური აღრიცხვა | ||
| 942 | _cBK | ||
| 999 |
_c43785 _d43785 |
||